| 000 | 01360nam a22001457a 4500 | ||
|---|---|---|---|
| 008 | 150428b xxu||||| |||| 00| 0 eng d | ||
| 020 | _a9990967032 | ||
| 050 | _aHC240.I523 | ||
| 245 |
_aThe Individual in the European union and Malta, some central issues: state of European union conference 1997. / _cedited by Peter G. Xuereb |
||
| 260 |
_aMalta: _bEuropean documentation and reasearch centre, _cc1997. |
||
| 300 |
_a298p. _c23cm. |
||
| 505 | _aContents: Introductory chapter -- Opening address -- E.U. initiatives for employment and growth -- Employment and growth - the ETUC view -- Employment and growth - the federation of industry view -- Employment and growth - the Malta employers association group -- Employment and growth - the general workers union view -- E.U. initiatives in support of SMEs -- Is Maltese law 'SME-friendly'? -- New Maltese initiatives in support of SMEs -- E.C. social policy to date -- Current issues in EC social policy -- Malta and E.C. social policy -- Remedies against maladministration in the EU -- The European and the Maltese ombudsman -- Co-operation in justice and home affairs: structures, achievements and proposals for reform -- Co-operation in justice and home affairs: the fight against drugs -- Malta's role in international efforts to combat drug trafficking. | ||
| 700 | _aXuereb, Peter G. | ||
| 942 |
_2lcc _cBK |
||
| 999 |
_c5437 _d12937 |
||